000 00334 a2200157 4500
001 73113
020 _a8576663414
040 _cAnchieta - Colégio São Paulo
100 _aMarino, Denise Mattos
240 1 0 _aHistória
_lpor
245 1 0 _aHistória
300 _a152
362 0 _a0
650 4 _aHistória do mundo
942 _cBK
999 _c73113
_d73113